1980 hits: fill in the blanks - Statistics

General Stats
  • This quiz has been taken 84 times
  • The average score is 7 of 15
Answer Stats
Artist Lyrics Answer % Correct
Kool and the Gang There's a party going on right here, a __________ to last throughout the years. celebration
77%
Billy Joel Everybody's talking 'bout the new sound, funny, but it's still ____ ___ ___ __ __. rock and roll to me
75%
Irene Cara Fame! I'm gonna live forever, I'm gonna learn ___ __ ___. High! how to fly
71%
Diana Ross ______ ____, boy you turn me inside out and round and round. Upside down
71%
Blondie The tide is high, but __ _______ __. I'm gonna be your number one. I'm holding on
59%
Bruce Springsteen Don't make no difference what nobody says, ain't nobody like to be alone. Everybody’s got a ______ _____. hungry heart
51%
John Lennon and Yoko Ono But when I see you, darling, it's like we both are falling in love again. It'll be just like ________ ____. starting over
49%
Tom Petty Someone's gonna tell you lies, cut you down to size, don't do __ ____ ____ me like that
47%
ACDC Rock 'n' roll ain't _____ _________. Rock 'n' roll ain't gonna die. noise pollution
40%
Molly Hatchet We're flirtin' ____ ________, ya'll know what I mean, and the way we run our lives, it makes no sense to me with disaster
36%
Pete Townshend Let my love ____ ___ ____ to your heart. open the door
34%
J. Geils Band I've had the blues, the reds and the pinks, one thing's for sure ____ ______. love stinks
33%
Rolling Stones I'll be your savior, steadfast and true, I'll come to your ________ ______. emotional rescue
27%
Foreigner ____ _____ it's you and me baby, ____ _____ and I can't take it anymore Head games
26%
Loverboy You tried to tie me down. I was such a clown. You had to have it your way. Well I'm sayin' no way, so why don’t you ____ __ _____. turn me loose
22%
No matching quizzes found
Score Distribution
Percent of People with Each Score
Percentile by Number Answered
Your Score History
You have not taken this quiz